|
|
|
|
| LEADER |
02562nam a2200289 a 4500 |
| 001 |
14242212 |
| 008 |
110123r20102005caua 001 0 eng d |
| 010 |
|
|
|a 2006295069
|
| 020 |
|
|
|a 9788181283733
|
| 020 |
|
|
|a 1590594517
|
| 020 |
|
|
|a 9781590594513
|
| 040 |
|
|
|a JRZ
|c JRZ
|d BAKER
|d IXA
|d DLC
|d BD-DhAAL
|
| 042 |
|
|
|a lccopycat
|
| 082 |
0 |
4 |
|a 005.7585
|2 22
|
| 100 |
1 |
|
|a Alapati, Sam R.
|
| 245 |
1 |
0 |
|a Expert Oracle database 10g administration /
|c Sam R. Alapati.
|
| 260 |
|
|
|a Berkeley, CA :
|b Apress ;
|a New York :
|b Distributed to the book trade worldwide by Springer-Verlag,
|c c2005 [reprinted 2010].
|
| 300 |
|
|
|a xxvii, 1276 p. :
|b ill. ;
|c 24 cm.
|
| 500 |
|
|
|a Includes index.
|
| 541 |
1 |
|
|e 00021857
|
| 505 |
0 |
|
|a Pt. 1. Background, data modeling, and UNIX/Linux. The Oracle DBA's world -- Relational database modeling and database design -- Essential UNIX (and Linux) for the Oracle DBA -- Pt. 2. Oracle database 10g architecture, schema, and transaction management. Introduction to the Oracle database 10g architecture -- Schema management -- Oracle transaction management -- Pt. 3. Installing Oracle database 10g, and creating and upgrading databases. Installing the Oracle database 10g RDBMS -- Upgrading to Oracle database 10g -- Creating an Oracle database -- Pt. 4. Connectivity and user management. Connectivity and networking -- User management and database security -- Using SQL *Plus and iSQL *Plus -- Pt. 5. Data loading, backup, and recovery. Loading and transforming data -- Using data pump export and import -- Backing up databases -- Database recovery -- Pt. 6. Managing the operational Oracle database. Automatic management and online capabilities -- Managing and monitoring the operational database -- Using Oracle enterprise manager -- Managing Oracle databases on Windows and Linux systems -- Pt. 7. Performance tuning. Improving database performance : SQL query optimization -- Performance tuning : tuning the instance -- Pt. 8. The data dictionary, dynamic views, and the Oracle-supplied packages. The Oracle data dictionary and the dynamic performance views -- Using Oracle PL/SQL packages -- Appendix A. Oracle database 10g SQL and PL/SQL: a brief primer.
|
| 630 |
0 |
0 |
|a Oracle (Computer file)
|
| 650 |
|
0 |
|a Relational databases.
|
| 852 |
|
|
|a Ayesha Abed Library
|c General Shelf.
|
| 942 |
0 |
0 |
|0 1
|
| 999 |
|
|
|c 10369
|d 10369
|
| 952 |
|
|
|0 0
|1 0
|2 ddc
|4 0
|6 005_758500000000000_ALA
|7 0
|9 14132
|a BRACUL
|b BRACUL
|c GEN
|d 2011-01-23
|e Development Book Agency
|g 1450.00
|l 4
|m 43
|o 005.7585 ALA
|p 3010021857
|q 2026-06-02
|r 2026-04-23
|s 2026-04-23
|t 1
|w 2011-01-23
|y BK
|